Witcher Nations Map Quiz - Statistics

General Stats
  • This quiz has been taken 2,779 times
  • The average score is 7 of 16
Answers on the Map
Answers color-coded by a green-red scale on the quiz's map according to % correct below.
 
Answer Stats
Answer % Correct
Nilfgaardian Empire
84%
Skellige
81%
Redania
62%
Temeria
60%
Kovir and Poviss
57%
Cintra
54%
Kaedwen
54%
Lyria and Rivia
48%
Aedirn
45%
Brokilon
33%
Hengfors League
31%
Sodden
31%
Cidaris
24%
Brugge
21%
Verden
21%
Kerack
19%
No matching quizzes found
Score Distribution
Percent of People with Each Score
Percentile by Number Answered
Your Score History
You have not taken this quiz